Inside Rhinoceros 4
Salvato in:
| Autore principale: | |
|---|---|
| Natura: | Libro |
| Lingua: | inglese |
| Pubblicazione: |
New York :
Thomson,
2008
|
| Soggetti: | |
| Tags: |
Nessun Tag, puoi essere il primo ad aggiungerne!!
|
MARC
| LEADER | 00000nam a22000003a 4500 | ||
|---|---|---|---|
| 001 | stu175551 | ||
| 005 | 20170228105419.8 | ||
| 008 | 081107s2008------------------------eng-d | ||
| 020 | |a 978-14180-2101-6 | ||
| 040 | |a STU |b slo | ||
| 041 | 0 | |a eng | |
| 100 | 1 | |a Cheng, Ron K.C. |4 aut | |
| 245 | 1 | |a Inside Rhinoceros 4 | |
| 260 | |a New York : |b Thomson, |c 2008 | ||
| 300 | |a 721 s | ||
| 650 | 7 | |a computer graphics |2 estusub | |
| 650 | 7 | |a 3D computer graphics design | |
| 996 | |b 284AU04100 |c A*6145 |l AAKNAR |s A |a 24 |w stu175551_0001 | ||